000 00770nam a2200265Ia 4500
005 20260429112020.0
008 260429s9999||||xx |||||||||||||| ||und||
020 _a9781032782164
041 _aEnglish
082 _a006.31
_bNYA
100 _aNyamawe, Ignatius G.
245 0 _aPractical machine learning :
_ba beginner's guide with ethical insights /
_cIgnatius G. Nyamawe
250 _a1st ed.
260 _aBoca Raton :
_bCRC Press/ Chapman and Hall,
_c2025.
300 _axii, 213 p.; hb
650 _a Artificial intelligence
650 _a Ethics in AI
650 _aMachine learning
700 _a Diwani, Hussein
700 _a Malyango, Jema
700 _a Minja, Elia
700 _a Mjahidi, Hamisi
700 _a Nnko, Neema
942 _cTB
999 _c51901
_d51901